Largest Countries with Green In Their Flag - Statistics

General Stats
  • This quiz has been taken 10 times
  • The average score is 14 of 20
Answer Stats
Hint Answer % Correct
Biggest African Country Algeria
100%
Biggest South American Country Brazil
100%
Largest Past British Colony in Asia India
100%
Largest Central American Country Mexico
100%
Largest Middle East Country Saudi Arabia
100%
Has 3 capitals South Africa
100%
Is 90% Desert Libya
80%
Is named after a river Niger
80%
Most populated country in Africa Nigeria
80%
Is home to Mount Kilimanjaro Tanzania
80%
Is home to the Azadi Tower Iran
70%
5th most populated country Pakistan
70%
Shares the Victoria Falls with Zimbabwe Zambia
70%
Has over 37 official languages Bolivia
60%
Is 7-8 years behind the Gregorian Calendar Ethiopia
60%
Is Is the middle of a civil war Sudan
60%
Is the last country to abolish slavery Mauritania
40%
Has all 5 vowels in its name Mozambique
40%
Has a desert that's 80 million years old Namibia
30%
Twice the size of France Mali
20%
No matching quizzes found
Score Distribution
Percent of People with Each Score
Percentile by Number Answered
Your Score History
You have not taken this quiz